Quizzes
Events
Quiz Creation
Community
Videos
Private Events
Remove Ads
Sign In
Join for FREE
Feedback
Dark Mode
Quiz Categories
Sports
Geography
Music
Movies
Television
Just For Fun
Miscellaneous
History
Literature
Language
Science
Gaming
Entertainment
Religion
Holiday
For Kids
Quiz Lab
Recent
Popular Today
Quiz Kudos Today
Editor Picks
Curator Picks
Quizzes by...
Day
Popularity
Type
Ratings
Length
Year
Community
Subscriptions
Recent Discussions
Orange Saloon
Badges
Playlists
Quests
Create
Leaderboards
Showdown
Live 5
Trivia Bingo
Activity
Puzzle Library
Sporcle Events
Private Events
Virtual Trivia
Globe League
Become a Host
Pub Owners
SporcleCon
Opinionation
Our Games
Videos
Blog
Mobile Apps
Partnerships
Remove Ads and Go Orange
Feedback
Sports
Athletes
MLB
NBA
NHL
NFL
Soccer
Sports Teams
WWE
NCAA
Football
Premier League
Basketball
Baseball
Hockey
Golf
Tennis
Cricket
Rugby
Auto Racing
Olympics
World Cup
Sports
Athletes
MLB
NBA
NHL
NFL
Soccer
Sports Teams
WWE
NCAA
Football
Premier League
Basketball
Baseball
Hockey
Golf
Tennis
Cricket
Rugby
Auto Racing
Olympics
World Cup
Random Quiz
Search Sporcle
×
Quiz Lab
Quiz Lab
Sports
1980s
Type in answers that appear in a list
Type in answers that appear in a list
Classic
Best Score? Go Orange.
1980's Sports Quiz Stats
Can you name the 1980's Sports Quiz?
By
msknow06
10m
100 Questions
695 Plays
695 Plays
695 Plays
Comments
Comments
Give Quiz Kudos
Give Quiz Kudos
-
- Ratings
hide this ad
Replay
Link that replays current quiz
Next Quiz
Link to next quiz in quiz playlist
You Got
0%
They Got
Avg Score
58%
Avg Friend Score
Upgrade to see
Score Distribution
Jump to the score distribution portion of the page
Score
0/100
Timer
10:00
0
Plays Today
% Correct
Los Angeles Lakers
95.8%
Los Angeles Lakers
95.8%
Los Angeles Lakers
95.8%
Los Angeles Lakers
95.8%
Los Angeles Lakers
95.8%
Boston Celtics
95%
Boston Celtics
95%
Boston Celtics
95%
San Francisco 49ers
92.7%
San Francisco 49ers
92.7%
San Francisco 49ers
92.7%
New York Giants
91.9%
New York Mets
88.1%
Pittsburgh Steelers
87.5%
Oakland Athletics
87.1%
Los Angeles Dodgers
86.5%
Los Angeles Dodgers
86.5%
Detroit Pistons
86.3%
Washington Redskins
86.2%
Washington Redskins
86.2%
Los Angeles Raiders
85.5%
Oakland Raiders
85.2%
Chicago Bears
84.9%
North Carolina
83.7%
St. Louis Cardinals
83.2%
Kansas City Royals
82.6%
John McEnroe
81.7%
John McEnroe
81.7%
John McEnroe
81.7%
Edmonton Oilers
81.6%
Edmonton Oilers
81.6%
Edmonton Oilers
81.6%
Edmonton Oilers
81.6%
Philadelphia 76ers
80.9%
% Correct
Philadelphia Phillies
80.9%
Minnesota Twins
80.6%
Detroit Tigers
79.9%
Baltimore Orioles
78.4%
New York Islanders
77.7%
New York Islanders
77.7%
New York Islanders
77.7%
New York Islanders
77.7%
Jack Nicklaus
77.4%
Georgetown
73.8%
Montreal Canadiens
72.2%
Michigan
71.7%
Indiana
70.9%
Indiana
70.9%
Martina Navratilova
70.1%
Martina Navratilova
70.1%
Martina Navratilova
70.1%
Martina Navratilova
70.1%
Jimmy Connors
69.6%
Jimmy Connors
69.6%
Villanova
67.3%
North Carolina State
67.2%
Kansas
66.9%
Richard Petty
63.9%
Chris Evert
63.9%
Chris Evert
63.9%
Steffi Graf
63%
Steffi Graf
63%
Louisville
56.8%
Louisville
56.8%
Ivan Lendl
54.1%
Ivan Lendl
54.1%
Ivan Lendl
54.1%
Calgary Flames
52.1%
% Correct
Tom Watson
46.8%
Boris Becker
46%
Nick Faldo
39.1%
Seve Ballesteros
33.5%
Seve Ballesteros
33.5%
Darrell Waltrip
25.2%
Bobby Allison
24.2%
Bobby Allison
24%
Tracy Austin
23.7%
Mats Wilander
23.3%
Cale Yarborough
20.7%
Cale Yarborough
20.7%
Larry Mize
17.8%
Ben Crenshaw
17.7%
Bernhard Langer
16.8%
Craig Stadler
14.7%
Sandy Lyle
13.8%
Bill Elliott
13.7%
Bill Elliott
13.7%
Hana Mandlikova
9.2%
Buddy Baker
7.3%
Sunday Silence
6.5%
Alysheba
5.9%
Geoff Bodine
5.5%
Winning Colors
4.6%
Spend A Buck
4%
Sunny's Halo
3.6%
Ferdinand
3.6%
Genuine Risk
2.9%
Swale
2.9%
Gato Del Sol
2.6%
Pleasant Colony
2%
Quiz Playlist
Details
Report
Send in Message
Add To Playlist
Classic:
Type in answers that appear in a list
Last Updated: Feb 16, 2017
Quiz Scoreboard
CHALLENGE
Sign Up to Join the Scoreboard
Show All
Scores
Hide
Comments
May contain spoilers
Recently Published
Presidents Visiting Landmarks
by Hejman
History
7m
An Introduction to Baseball
by treessimontrees
Sports
5m
Movies - When Are They Set?
by FPL_Elf
Movies
5m
More to Explore
Quiz From the Vault
Featured Blog Post
Where Did the Easter Bunny Come From?
hide this ad
You Might Also Like...
Tags
1980
1980s
Today's Top Quizzes in Sports
Browse Sports
hide this ad
Today's Top Quizzes in 1980s
Browse 1980s
Top Contributed Quizzes in Sports
1
Les meilleurs buteurs des matchs entre le PSG et l’OM
2
2022 World Cup Stars
3
FIFA Club World Cup Champions
4
Les entraîneurs de l'OM et du PSG au 21e siècle
5
Name the Premier League winners with different clubs
6
La finale Lions - Afrique du Sud 2021
7
England Test cricketers to play under Nasser Hussain
8
5-to-1: UK Sports Teams
9
Les joueurs passés par le LOSC et le RC Lens
10
Criteria MLB: Left Handed Sluggers
Explore More
Trending Topics
Crossword
Harry Potter
Anime
Marvel
NBA
Disney
Kpop
The Office
Song
Country
WWE
NFL
Puzzle
Pokémon
Soccer
hide this ad
More By:
msknow06
Quiz
Plays
Rating
Category
Featured
Created
2000's Sports Quiz
832
3.60
Sports
Oct 6, 2009
1980's Sports Quiz
695
4.50
Sports
Oct 7, 2009
1960's Sports Quiz
588
4.38
Sports
Oct 7, 2009
1970's Sports Quiz
531
4.67
Sports
Oct 7, 2009
Names of Breeders Cup Winners
308
5.00
Sports
Oct 5, 2009
Go to Creator's Profile
Score Distribution
Quiz Creator Spotlight
msknow06
Follow
Send a Message
Quizzes Created
-
Created Quiz Play Count
-
More By This Creator
Popular Quizzes Today
1
Find the US States - No Outlines Minefield
2
Find the Countries of Europe - No Outlines Minefield
3
The Countries of the World
4
Find the US States
5
Popular People in 1961
6
US States
7
Risky Map Clicking: Biggest States A-Z
8
1-10 Letter E Words III
More Sports Quizzes
Teams of UEFA Conference League 2021/22
Quiz Lab
Trending Quizzes
Risky Map Clicking: Least Populous States A-Z
1-10 Letter G Words
1-10 Letter F Words
One Thing in Common: United Kingdom
Risky Map Clicking: Next State Alphabetically
Recently Updated
Leaping Animals
pecheneg
Reality TV Shows (A-Z)
bhenderson79
Rickey Henderson's Hall of Fame Teammates
pecheneg
Champions League XIs: Arsenal
pecheneg
Quick Pick: Celebrities in WWE's Hall of Fame
aduchscher
A-Z Keypad Blitz II
pecheneg
Multiple Oscar Actors
pecheneg
Mystery Phrase Blitz: Oscar 'Best Actors'
pecheneg
F. Scott Fitzgerald Novels
LTH
Pick 3 Villains
ddd62291
Trending Topics
Harry Potter
Disney
Marvel
Anime
NBA
Crossword
Kpop
Puzzle
NFL
Song
Country
Pokémon
Soccer
WWE
The Office
Your Account Isn't Verified!
In order to create a playlist on Sporcle, you need to verify the email address you used during registration. Go to your
Sporcle Settings
to finish the process.
Report this User
Report this user for behavior that violates our
Community Guidelines
.
Details:
Send Report
Go to the Sporcle.com Mobile Site →
Comments